Statistics for 100 Random Celebrities

Click here to take the quiz!

General Stats

  • This quiz has been taken 83 times
  • The average score is 24 of 100

Answer Stats

HintAnswer% Correct
Elvis Presley
61%
Kim Kardashian
61%
Michael Jackson
61%
Rihanna
60%
Taylor Swift
60%
90Ariana Grande
58%
Beyonce
58%
45Brad Pitt
56%
Kourtney Kardashian
56%
10Kylie Jenner
54%
Justin Bieber
53%
Leonardo Dicaprio
53%
Kendall Jenner
51%
5Khloe Kardashian
51%
Lady Gaga
49%
Selena Gomez
46%
Tom Cruise
46%
Katy Perry
44%
Angelina Jolie
42%
Jennifer Lopez
42%
Drake
39%
Harry Styles
39%
Jennifer Aniston
39%
Nicki Minaj
37%
25Chris Hemsworth
35%
Johnny Depp
35%
Miley Cyrus
35%
Adele
33%
Eminem
33%
20Emma Stone
33%
Chris Evans
32%
Chris Pratt
32%
Ryan Gosling
30%
95The Weeknd
30%
Tom Hanks
30%
40Jennifer Lawrence
28%
Ed Sheeran
26%
Liam Hemsworth
26%
Ryan Reynolds
26%
Kris Jenner
25%
Meryl Streep
25%
Robert Downey JR
25%
Shakira
25%
Tom Holland
25%
Ben Affleck
23%
Billie Eilish
23%
Travis Scott
23%
100Bruno Mars
21%
Dua Lipa
21%
Hailey Bieber
21%
Michael Jordan
21%
Calvin Harris
19%
Mark Ruffalo
19%
35Michael B Jordan
19%
Mila Kunis
19%
Zayn
19%
Andrew Garfield
18%
Matt Damon
18%
Shawn Mendes
18%
Elizabeth Olsen
16%
Kelly Clarkson
14%
Scarlett Johannson
14%
Travis Barker
14%
50Jessica Alba
12%
30Anthony Mackie
11%
55Blake Shelton
11%
Camila Cabello
11%
75David Guetta
11%
15Pete Davidson
11%
Ashton Kutcher
9%
Benedict Cumberbatch
9%
Jennifer Garner
9%
Pitbull
9%
Post Malone
9%
Tobey Maguire
9%
Carrie Underwood
7%
Chadwick Boseman
7%
Charlie Puth
7%
60Heath Ledger
7%
65Khalid
7%
Avicii
5%
Blake Lively
5%
Sebastian Stan
5%
Kid Cudi
4%
Luke Combs
4%
Machine Gun Kelly
4%
Morgan Wallen
4%
Rob Lowe
4%
Tyga
4%
Courtney Cox
2%
Flo Rida
2%
iann dior
2%
85Jason Aldean
2%
Jessica Biel
2%
Joshua Bassett
2%
Kendall Schmidt
2%
80Kevin Jonas
2%
70Meghan Trainor
2%
Sam Hunt
2%
Evangeline Lily
0%

Score Distribution

Percentile by Number Answered

Percent of People with Each Score

Your Score History

You have not taken this quiz